| 000 | 00502nam a2200193Ia 4500 | ||
|---|---|---|---|
| 003 | 0STCL | ||
| 005 | 20241017102021.0 | ||
| 008 | 150530s9999 xx 000 0 und d | ||
| 040 |
_aSTCL _cSTCL |
||
| 100 | _aPadmarajan, P | ||
| 245 | _aമലയാളത്തിന്റെ സുവർണ്ണ കഥകൾ | ||
| 246 | _aMalayalathinte Suvarnakathakal | ||
| 250 | _a1 | ||
| 260 |
_bGreen Books _c2009 _aThrissur |
||
| 300 | _a0 | ||
| 546 | _aMalayalam | ||
| 942 |
_2ddc _cBK |
||
| 999 |
_c66991 _d66991 |
||